|
|
|
|
| LEADER |
00000nam0a2200000 4500 |
| 001 |
125245 |
| 005 |
20231031131313.0 |
| 010 |
|
|
|a 5020244775
|
| 020 |
|
|
|a RU
|b 90-67563
|
| 035 |
|
|
|a (RuTPU)RU\TPU\book\135528
|
| 090 |
|
|
|a 125245
|
| 100 |
|
|
|a 20071113d1989 km a0rusy5003 ca
|
| 101 |
0 |
|
|a rus
|
| 102 |
|
|
|a RU
|
| 105 |
|
|
|a a z 001zy
|
| 200 |
1 |
|
|a Изотопная геохронология докембрия
|e сборник научных трудов
|f Академия наук СССР (АН СССР), Институт геологии и геохронологии докембрия (ИГГД) ; отв. ред. Л. К. Левский и О. А. Левченков
|
| 210 |
|
|
|a Ленинград
|c Наука
|d 1989
|
| 215 |
|
|
|a 160 с.
|c ил.
|d 22 см
|
| 320 |
|
|
|a Библиография в конце статей
|
| 610 |
1 |
|
|a изотопная геохронология
|
| 610 |
1 |
|
|a докембрий
|
| 610 |
1 |
|
|a геохронология
|
| 610 |
1 |
|
|a сборники
|
| 675 |
|
|
|a 550.93:551.71/.72
|v 3
|
| 702 |
|
1 |
|a Левский
|b Л. К.
|g Лев Константинович
|4 340
|
| 702 |
|
1 |
|a Левченков
|b О. А.
|4 340
|
| 712 |
0 |
2 |
|a Академия наук СССР (АН СССР)
|b Институт геологии и геохронологии докембрия (ИГГД)
|c (Ленинград)
|2 stltpush
|3 (RuTPU)RU\TPU\col\11390
|
| 801 |
|
0 |
|a RU
|b RuMRKP
|c 19960705
|g psbo
|
| 801 |
|
1 |
|a RU
|b 63413507
|c 20071113
|g PSBO
|
| 801 |
|
2 |
|a RU
|b 63413507
|c 20081113
|g PSBO
|
| 942 |
|
|
|c BK
|